[Event "Lenk op 22nd"]
[Site "Lenk"]
[Date "2010.04.01"]
[Round "1"]
[White "Buehler, Ueli"]
[Black "Stucki, Kaspar"]
[Result "1-0"]
[WhiteElo "1664"]
[BlackElo "2036"]
[PlyCount "27"]
[EventDate "2010.04.01"]
[EventType "swiss"]
[EventRounds "7"]
[EventCountry "SUI"]
[SourceTitle "CBM 135 Extra"]
[Source "ChessBase"]
[SourceDate "2010.05.04"]
[SourceVersion "1"]
[SourceVersionDate "2010.05.04"]
[SourceQuality "1"]

1. e4 e5 2. Nf3 Nc6 3. Nc3 Nf6 4. g3 Bc5 5. Bg2 d6 6. d3 a6 7. 0-0 0-0 8. h3 h6 9. Kh2 Ne8 10. Be3 Bxe3 11. fxe3 f5 12. exf5 Bxf5 13. Nh4 Bh7 14. Bd5+ 1-0